000 00267nam a2200097Ia 4500
001 1105273
005 20250827003415.0
008 250824s9999 xx 000 0 und d
245 0 _aBUKRE BAZI AŞKLAR AŞKA İHANETTİR
_cKAHRAMAN TAZEOĞLU
260 _bDESTEK YAYINLARI
999 _c1105273
_d1105273